| 000 | 00000nam##2200000za#4500 |
| 001 | 9.671412 |
| 003 | CaOODSP |
| 005 | 20210615130149 |
| 007 | ta |
| 008 | 150407|2009||||xxc||||| f|0| 0 fre|d |
| 020 | |a978-0-662-06926-3 |
| 040 | |aCaOODSP|bfre |
| 041 | |aeng |
| 041 | |afre |
| 043 | |an-cn--- |
| 086 | 1 |aEn56-227/2009 |
| 110 | 1 |aCanada. |bEnvironnement Canada. |
| 245 | 10|aRelevés hydrologiques du Canada : |bsource d'information pour les gestionnaires de ressources hydriques depuis 1908 |
| 260 | |aGatineau - Québec : |bEnvironnement Canada |cc2009. |
| 300 | |a1 feuille pliée (texte français, [7]p.) : |bill. en couleur ; |c22 cm. |
| 563 | |aDépliant |
| 590 | |a09-49|b2009-12-04 |
| 691 | 07|aEau|2gcpds |
| 776 | 0#|tRelevés hydrologiques du Canada : |w(CaOODSP)9.636567 |
| 776 | 0#|tThe Water Survey of Canada : |w(CaOODSP)9.692303 |
| 791 | |tThe Water Survey of Canada : |eeng|w(CaOODSP)9.671411 |